000 01193nam a2200253 i 4500
001 86322
003 ES-MaACL
005 20230906175424.0
007 t|
008 041227s2000 sp ||||1| spa d
080 _a929 Luis (44) XIV
080 _a940"16/17"
245 0 0 _aLuis XIV [
_hRecurso electrónico].
260 _a[Madrid] :
_bDolmen,
_c[2000]
300 _a1 disco compacto (CD-ROM) :
_bson., col. ;
_c12 cm.
490 1 _aLa historia y sus protagonistas ;
_v8
500 _aRequerimientos del sistema: Procesador Pentium 200 MMX o superior, Memoria RAM 32 Mb o más, Espacio libre en disco duro de 10 Mb o más, Windows 95 o posterior, Tarjeta gráfica 2 Mb, Lector de CD-ROM 16X o superior, Tarjeta de sonido con capacidad de sonido digitalizado y MIDI.
505 8 _aContiene: Desde 1648 hasta 1789, analizando la preponderancia francesa en Europa y el siglo de las luces, desembocando en la Revolución Francesa.
600 1 4 _aLuis
_bXIV
_cRey de Francia-
_xBiografías-
_vCD-ROM.
_974698
651 4 _aEuropa-
_xHistoria-
_y1648-1789-
_vCD-ROM.
_98603
830 0 _aLa historia y sus protagonistas ;
_v8
_9183979
852 _aES-MaACL
_jROT 1/4/14
999 _c86322
_d86322